Diario de la amistad / (Record no. 35930)

MARC details
000 -LEADER
campo de control de longitud fija 00533nam a2200181 i 4500
001 - NÚMERO DE CONTROL
campo de control 35930
003 - IDENTIFICADOR DE NÚMERO DE CONTROL
campo de control ES-MaACL
005 - FECHA Y HORA DE LA ÚLTIMA TRANSACCIÓN
campo de control 20250925150147.0
007 - CAMPO FIJO DE DESCRIPCIÓN FÍSICA--INFORMACIÓN GENERAL
campo de control de longitud fija t|
008 - DATOS DE LONGITUD FIJA--INFORMACIÓN GENERAL
campo de control de longitud fija 030214s1973 sp ||||1| spa d
100 1# - ENTRADA PRINCIPAL--NOMBRE DE PERSONA
Nombre de persona Broeckhoven, Egide van.
9 (RLIN) 31863
245 10 - MENCIÓN DEL TÍTULO
Título Diario de la amistad /
Mención de responsabilidad, etc. Egide van Broeckhoven ; [traducción de: C. Puerto].
260 ## - PUBLICACIÓN, DISTRIBUCIÓN, ETC.
Lugar de publicación, distribución, etc. Madrid :
Nombre del editor, distribuidor, etc. Narcea,
Fecha de publicación, distribución, etc. [1973]
300 ## - DESCRIPCIÓN FÍSICA
Extensión 182 p. ;
Dimensiones 21 cm.
700 1# - ENTRADA AGREGADA--NOMBRE PERSONAL
Nombre de persona Puerto, Carlos,
Fechas asociadas al nombre 1942-
9 (RLIN) 149397
852 ## - LOCALIZACIÓN
Ubicación ES-MaACL
Número de control de estantería C-53997
Sublocalización o colección R.86720
Holdings
Estatus retirado Estado de pérdida Estado de daño No para préstamo Biblioteca de origen Biblioteca actual Ubicación en estantería Fecha de adquisición Fuente de adquisición Total de préstamos Signatura topográfica completa Código de barras Visto por última vez Precio de reemplazo Tipo de ítem Koha
        Biblioteca del Ateneo de Madrid Biblioteca del Ateneo de Madrid Depósito 2 17/01/2008     C-53997 1037665 23/02/2023 23/02/2023 Libro impreso